00332 a2200109 450000100060000008200120000610000730001824500700009126000260016130000120018750000230019992278 aPR 2526 aHammad Aziz Mirza; Prof Ammar Saleem and Dr. Azhar Hassan (Advisors) aDevelopment of synthetic Apperture Radar (SAR) for PAFn77 "B" EC aIslamabadbNUSTc2014 axi,90p. aBE Project Reports